000 00817nam a2200253Ia 4500
003 OSt
005 20220926023857.0
006 a|||||r|||| 00| 0
007 ta
008 220923b |||||||| |||| 00| 0 eng d
037 _cGeneral Book
040 _aRTL
_cRTL
_beng
041 _2eng
_aeng
082 _aX:511:(B), L4/TD3
100 _aSheth Jagdish N
_9118489
245 0 _aModels of buyer behavior
_b Conceptual quantitative and emprical
260 _aNY
_bHarper and Row
_c1974
300 _axiii, 441p
_ccm.
490 _aHarper and Row's Series in Marketing Management. Ed by Jagdish N Sheth
500 _aBibliography p 407-34; Appendix p 99-197
650 _aMarketing
_915998
942 _hX:511:(B), L4/TD3
_cGB
_2CC
999 _c642515
_d642515